<?xml version="1.0" encoding="UTF-8"?>
<record
    xmlns:xsi="http://www.w3.org/2001/XMLSchema-instance"
    xsi:schemaLocation="http://www.loc.gov/MARC21/slim http://www.loc.gov/standards/marcxml/schema/MARC21slim.xsd"
    xmlns="http://www.loc.gov/MARC21/slim">

  <leader>00789nam a22001577a 4500</leader>
  <controlfield tag="003">OSt</controlfield>
  <controlfield tag="005">20160310134023.0</controlfield>
  <controlfield tag="008">160310b        xxu||||| |||| 00| 0 eng d</controlfield>
  <datafield tag="040" ind1=" " ind2=" ">
    <subfield code="c">RUA</subfield>
  </datafield>
  <datafield tag="082" ind1=" " ind2=" ">
    <subfield code="a">AGR TEP 2014 B458 Or.1</subfield>
  </datafield>
  <datafield tag="100" ind1=" " ind2=" ">
    <subfield code="9">7904</subfield>
    <subfield code="a">TEP SITHA ; &#x1791;&#x17C1;&#x1796;&#x200B; &#x179F;&#x17CA;&#x17B8;&#x1790;&#x17B6;</subfield>
  </datafield>
  <datafield tag="245" ind1=" " ind2=" ">
    <subfield code="a">Utilization of organic fertilizer on celery babbage at crop station of royal university of agriculture, &#x1780;&#x17B6;&#x179A;&#x1794;&#x17D2;&#x179A;&#x17BE;&#x1794;&#x17D2;&#x179A;&#x17B6;&#x179F;&#x17CB;&#x1787;&#x17B8;&#x1792;&#x1798;&#x17D2;&#x1798;&#x1787;&#x17B6;&#x178F;&#x17B7;&#x1791;&#x17C5;&#x179B;&#x17BE;&#x178A;&#x17C6;&#x178E;&#x17B6;&#x17C6;&#x179F;&#x17D2;&#x1796;&#x17C3;&#x1785;&#x1784;&#x17D2;&#x1780;&#x17B9;&#x17C7;&#x1793;&#x17C5;&#x1780;&#x17D2;&#x1793;&#x17BB;&#x1784;&#x179F;&#x17D2;&#x1790;&#x17B6;&#x1793;&#x17B8;&#x1799;&#x17CD;&#x1796;&#x17B7;&#x179F;&#x17C4;&#x1792;&#x1793;&#x17CD;&#x178A;&#x17C6;&#x178E;&#x17B6;&#x17C6;&#x1793;&#x17C3;&#x179F;&#x17B6;&#x1780;&#x179B;&#x179C;&#x17B7;&#x1791;&#x17D2;&#x1799;&#x17B6;&#x179B;&#x17D0;&#x1799;&#x1797;&#x17BC;&#x1798;&#x17B7;&#x1793;&#x17D2;&#x1791;&#x1780;&#x179F;&#x17B7;&#x1780;&#x1798;&#x17D2;&#x1798;</subfield>
  </datafield>
  <datafield tag="260" ind1=" " ind2=" ">
    <subfield code="a">Phnom Penh</subfield>
    <subfield code="b">RUA</subfield>
    <subfield code="c">2014</subfield>
  </datafield>
  <datafield tag="300" ind1=" " ind2=" ">
    <subfield code="a">ix ;43p.</subfield>
    <subfield code="b">ill.</subfield>
    <subfield code="c">29cm.</subfield>
  </datafield>
  <datafield tag="942" ind1=" " ind2=" ">
    <subfield code="2">ddc</subfield>
    <subfield code="c">AGR</subfield>
  </datafield>
  <datafield tag="999" ind1=" " ind2=" ">
    <subfield code="c">7497</subfield>
    <subfield code="d">7497</subfield>
  </datafield>
  <datafield tag="952" ind1=" " ind2=" ">
    <subfield code="0">0</subfield>
    <subfield code="1">0</subfield>
    <subfield code="2">ddc</subfield>
    <subfield code="4">0</subfield>
    <subfield code="6">AGR_TEP_2014_000000000000000_B458_OR_1</subfield>
    <subfield code="7">0</subfield>
    <subfield code="9">44500</subfield>
    <subfield code="a">LBB</subfield>
    <subfield code="b">LBB</subfield>
    <subfield code="c">B458</subfield>
    <subfield code="d">2016-03-10</subfield>
    <subfield code="l">1</subfield>
    <subfield code="o">AGR TEP 2014 B458 Or.1</subfield>
    <subfield code="p">RUA055758</subfield>
    <subfield code="r">2017-01-16</subfield>
    <subfield code="s">2016-12-26</subfield>
    <subfield code="w">2016-03-10</subfield>
    <subfield code="y">AGR</subfield>
  </datafield>
  <datafield tag="952" ind1=" " ind2=" ">
    <subfield code="0">0</subfield>
    <subfield code="1">0</subfield>
    <subfield code="2">ddc</subfield>
    <subfield code="4">0</subfield>
    <subfield code="6">AGR_TEP_2014_000000000000000_B458_OR_2</subfield>
    <subfield code="7">0</subfield>
    <subfield code="9">44501</subfield>
    <subfield code="a">LBB</subfield>
    <subfield code="b">LBB</subfield>
    <subfield code="c">B458</subfield>
    <subfield code="d">2016-03-10</subfield>
    <subfield code="l">1</subfield>
    <subfield code="o">AGR TEP 2014 B458 Or.2</subfield>
    <subfield code="p">RUA056138</subfield>
    <subfield code="r">2019-07-13</subfield>
    <subfield code="s">2019-06-22</subfield>
    <subfield code="w">2016-03-10</subfield>
    <subfield code="y">AGR</subfield>
  </datafield>
  <datafield tag="952" ind1=" " ind2=" ">
    <subfield code="0">0</subfield>
    <subfield code="1">0</subfield>
    <subfield code="2">ddc</subfield>
    <subfield code="4">0</subfield>
    <subfield code="6">AGR_TEP_2014_000000000000000_B458_OR_3</subfield>
    <subfield code="7">0</subfield>
    <subfield code="9">44502</subfield>
    <subfield code="a">LBB</subfield>
    <subfield code="b">LBB</subfield>
    <subfield code="c">B458</subfield>
    <subfield code="d">2016-03-10</subfield>
    <subfield code="o">AGR TEP 2014 B458 Or.3</subfield>
    <subfield code="p">RUA056919</subfield>
    <subfield code="r">2018-10-19</subfield>
    <subfield code="w">2016-03-10</subfield>
    <subfield code="y">AGR</subfield>
  </datafield>
  <datafield tag="952" ind1=" " ind2=" ">
    <subfield code="0">0</subfield>
    <subfield code="1">0</subfield>
    <subfield code="2">ddc</subfield>
    <subfield code="4">0</subfield>
    <subfield code="6">AGR_TEP_2014_000000000000000_B458_OR_4</subfield>
    <subfield code="7">0</subfield>
    <subfield code="9">44503</subfield>
    <subfield code="a">LBB</subfield>
    <subfield code="b">LBB</subfield>
    <subfield code="c">B458</subfield>
    <subfield code="d">2016-03-10</subfield>
    <subfield code="o">AGR TEP 2014 B458 Or.4</subfield>
    <subfield code="p">RUA055955</subfield>
    <subfield code="r">2017-08-08</subfield>
    <subfield code="w">2016-03-10</subfield>
    <subfield code="y">AGR</subfield>
  </datafield>
  <datafield tag="952" ind1=" " ind2=" ">
    <subfield code="0">0</subfield>
    <subfield code="1">0</subfield>
    <subfield code="2">ddc</subfield>
    <subfield code="4">0</subfield>
    <subfield code="6">AGR_TEP_2014_000000000000000_B458_OR_5</subfield>
    <subfield code="7">0</subfield>
    <subfield code="9">44504</subfield>
    <subfield code="a">LBB</subfield>
    <subfield code="b">LBB</subfield>
    <subfield code="c">B458</subfield>
    <subfield code="d">2016-03-10</subfield>
    <subfield code="l">2</subfield>
    <subfield code="o">AGR TEP 2014 B458 Or.5</subfield>
    <subfield code="p">RUA056073</subfield>
    <subfield code="r">2020-02-25</subfield>
    <subfield code="s">2020-02-24</subfield>
    <subfield code="w">2016-03-10</subfield>
    <subfield code="y">AGR</subfield>
  </datafield>
  <datafield tag="952" ind1=" " ind2=" ">
    <subfield code="0">0</subfield>
    <subfield code="1">0</subfield>
    <subfield code="2">ddc</subfield>
    <subfield code="4">0</subfield>
    <subfield code="6">AGR_TEP_2014_000000000000000_B458_OR_6</subfield>
    <subfield code="7">0</subfield>
    <subfield code="9">44505</subfield>
    <subfield code="a">LBB</subfield>
    <subfield code="b">LBB</subfield>
    <subfield code="c">B458</subfield>
    <subfield code="d">2016-03-10</subfield>
    <subfield code="l">2</subfield>
    <subfield code="o">AGR TEP 2014 B458 Or.6</subfield>
    <subfield code="p">RUA055877</subfield>
    <subfield code="r">2017-08-05</subfield>
    <subfield code="s">2017-08-02</subfield>
    <subfield code="w">2016-03-10</subfield>
    <subfield code="y">AGR</subfield>
  </datafield>
  <datafield tag="952" ind1=" " ind2=" ">
    <subfield code="0">0</subfield>
    <subfield code="1">0</subfield>
    <subfield code="2">ddc</subfield>
    <subfield code="4">0</subfield>
    <subfield code="6">AGR_TEP_2014_000000000000000_B458_OR_7</subfield>
    <subfield code="7">0</subfield>
    <subfield code="9">44506</subfield>
    <subfield code="a">LBB</subfield>
    <subfield code="b">LBB</subfield>
    <subfield code="c">B458</subfield>
    <subfield code="d">2016-03-10</subfield>
    <subfield code="o">AGR TEP 2014 B458 Or.7</subfield>
    <subfield code="p">RUA055818</subfield>
    <subfield code="r">2016-03-10</subfield>
    <subfield code="w">2016-03-10</subfield>
    <subfield code="y">AGR</subfield>
  </datafield>
  <datafield tag="952" ind1=" " ind2=" ">
    <subfield code="0">0</subfield>
    <subfield code="1">0</subfield>
    <subfield code="2">ddc</subfield>
    <subfield code="4">0</subfield>
    <subfield code="6">AGR_TEP_2014_000000000000000_B458_OR_8</subfield>
    <subfield code="7">0</subfield>
    <subfield code="9">44507</subfield>
    <subfield code="a">LBB</subfield>
    <subfield code="b">LBB</subfield>
    <subfield code="c">B458</subfield>
    <subfield code="d">2016-03-10</subfield>
    <subfield code="l">3</subfield>
    <subfield code="o">AGR TEP 2014 B458 Or.8</subfield>
    <subfield code="p">RUA055701</subfield>
    <subfield code="r">2016-12-27</subfield>
    <subfield code="s">2016-12-17</subfield>
    <subfield code="w">2016-03-10</subfield>
    <subfield code="y">AGR</subfield>
  </datafield>
  <datafield tag="952" ind1=" " ind2=" ">
    <subfield code="0">0</subfield>
    <subfield code="1">0</subfield>
    <subfield code="2">ddc</subfield>
    <subfield code="4">0</subfield>
    <subfield code="6">AGR_TEP_2014_000000000000000_B691_OR_1</subfield>
    <subfield code="7">0</subfield>
    <subfield code="9">87025</subfield>
    <subfield code="a">LBB</subfield>
    <subfield code="b">LBB</subfield>
    <subfield code="c">B691</subfield>
    <subfield code="d">2021-10-11</subfield>
    <subfield code="l">1</subfield>
    <subfield code="o">AGR TEP 2014 B691 Or.1</subfield>
    <subfield code="p">A066523</subfield>
    <subfield code="r">2022-01-10</subfield>
    <subfield code="s">2021-12-01</subfield>
    <subfield code="w">2021-10-11</subfield>
    <subfield code="y">AGR</subfield>
  </datafield>
  <datafield tag="952" ind1=" " ind2=" ">
    <subfield code="0">0</subfield>
    <subfield code="1">0</subfield>
    <subfield code="2">ddc</subfield>
    <subfield code="4">0</subfield>
    <subfield code="6">AGR_TEP_2014_000000000000000_B691_OR_1</subfield>
    <subfield code="7">0</subfield>
    <subfield code="9">87026</subfield>
    <subfield code="a">LBB</subfield>
    <subfield code="b">LBB</subfield>
    <subfield code="c">B691</subfield>
    <subfield code="d">2021-10-11</subfield>
    <subfield code="o">AGR TEP 2014 B691 Or.1</subfield>
    <subfield code="p">A066583</subfield>
    <subfield code="r">2021-10-11</subfield>
    <subfield code="w">2021-10-11</subfield>
    <subfield code="y">AGR</subfield>
  </datafield>
</record>
